Zero point 1 (Urdu) (Record no. 62265)
[ view plain ]
| 000 -LEADER | |
|---|---|
| fixed length control field | 00619nam a22001937a 4500 |
| 003 - CONTROL NUMBER IDENTIFIER | |
| control field | NUST-PNEC |
| 005 - DATE AND TIME OF LATEST TRANSACTION | |
| control field | 20170116180743.0 |
| 008 - FIXED-LENGTH DATA ELEMENTS--GENERAL INFORMATION | |
| fixed length control field | 150107b xxu||||| |||| 00| 0 eng d |
| 020 ## - INTERNATIONAL STANDARD BOOK NUMBER | |
| International Standard Book Number | 9674902597 |
| 040 ## - CATALOGING SOURCE | |
| Transcribing agency | PNEC |
| 082 ## - DEWEY DECIMAL CLASSIFICATION NUMBER | |
| Classification number | 891.439 JAV |
| 100 ## - MAIN ENTRY--PERSONAL NAME | |
| 9 (RLIN) | 1186 |
| Personal name | Javed Chaudhry |
| 245 ## - TITLE STATEMENT | |
| Title | Zero point 1 (Urdu) |
| Statement of responsibility, etc. | Javed Chaudhry |
| 260 ## - PUBLICATION, DISTRIBUTION, ETC. | |
| Place of publication, distribution, etc. | Lahore : |
| Name of publisher, distributor, etc. | Elm-o-Irfan Publishers, |
| Date of publication, distribution, etc. | c2009. |
| 300 ## - PHYSICAL DESCRIPTION | |
| Extent | 320 p. : |
| Dimensions | 24 cm. |
| 650 ## - SUBJECT ADDED ENTRY--TOPICAL TERM | |
| General subdivision | General |
| 856 ## - ELECTRONIC LOCATION AND ACCESS | |
| Uniform Resource Identifier | <a href="http://www.amazon.com/Zero-Point-1-Javed-Chaudhry/dp/9674902597/ref=sr_1_2?s=books&ie=UTF8&qid=1420609964&sr=1-2&keywords=zero+point+by+javed">http://www.amazon.com/Zero-Point-1-Javed-Chaudhry/dp/9674902597/ref=sr_1_2?s=books&ie=UTF8&qid=1420609964&sr=1-2&keywords=zero+point+by+javed</a> |
| 942 ## - ADDED ENTRY ELEMENTS (KOHA) | |
| Source of classification or shelving scheme | |
| Koha item type | Book |
| Withdrawn status | Lost status | Source of classification or shelving scheme | Damaged status | Not for loan | Permanent Location | Current Location | Shelving location | Date acquired | Source of acquisition | Cost, normal purchase price | Total Checkouts | Full call number | Barcode | Date last seen | Date last checked out | Cost, replacement price | Price effective from | Koha item type |
|---|---|---|---|---|---|---|---|---|---|---|---|---|---|---|---|---|---|---|
| Pakistan Navy Engineering College (PNEC) | Pakistan Navy Engineering College (PNEC) | 08/19/2013 | Library Grant | 400.00 | 1 | 891.439 JAV | PNECLIB-031218 | 02/10/2016 | 01/21/2016 | 400.00 | 08/19/2013 | Book |
